000 00578nam a2200229Ia 4500
003 OSt
005 20220918192747.0
006 a|||||r|||| 00| 0
007 ta
008 220917b |||||||| |||| 00| 0 eng d
024 _a70,130
037 _cTextual
040 _aARTS
_cARTS
_beng
041 _2eng
_aeng
082 _aR321, N41
100 _aEagleton Terry
245 0 _aIdeology
_b an introduction
260 _aLondon
_bVerso Pub
_c1994
300 _axv,241p.
_ccm.
942 _hR321, N41
_cTEXL
_2CC
999 _c196230
_d196230